Continuidad y cambio en una comunidad bilingüe /

Este texto es el reporte de una investigación antropológico-lingüística, efectuada en la comunidad otomí de la Ex-Hacienda Ocotzá en el Valle de Mesquital, con la finalidad de estudiar la incidencia de las características sociales, políticas, en el cambio lingüístico y cultural en comunidades indíge...

Повний опис

Збережено в:
Бібліографічні деталі
Автор: Coronado, Gabriela (autor)
Інші автори: Ramos, María Teresa (autor) (autor), Téllez, F. Javier (autor) (autor)
Формат: Книга
Мова:Іспанська
Опубліковано: México : CIESAS, 1984
Серія:(Miguel Othón de Mendizábal ; 3)
Предмети:
Теги: Додати тег
Немає тегів, Будьте першим, хто поставить тег для цього запису!

MARC

LEADER 00000nam^a2200000^a^4500
001 000432577
005 20250526000000.0
009 20260310123018.482
020 |a 968-496-056-5 
037 |a Acervo ITESO - Biblioteca 
041 |a ESP 
082 |a 306. 089976  |b COR 
100 |a Coronado, Gabriela  |e (autor) 
245 1 0 |a Continuidad y cambio en una comunidad bilingüe /  |c G. Coronado, M.T. Ramos, F.J. Téllez. 
264 1 |a México :  |b CIESAS,  |c 1984 
300 |a 148 p. ;  |c 17 cm. 
336 |a texto  |b txt  |2 rdacontenido 
337 |a sin mediación  |b n  |2 rdamedio 
338 |a volumen  |b nc  |2 rdasoporte 
440 1 |a (Miguel Othón de Mendizábal ;  |v 3) 
520 |a Este texto es el reporte de una investigación antropológico-lingüística, efectuada en la comunidad otomí de la Ex-Hacienda Ocotzá en el Valle de Mesquital, con la finalidad de estudiar la incidencia de las características sociales, políticas, en el cambio lingüístico y cultural en comunidades indígenas en avanzado proceso de castellanización. 
562 |a Falta página: 114-115, 118-119, 122-123, 126-127 
649 |a XX 
650 |a Otomíes -  |x Condiciones Sociales y Culturales -  |x Tema Principal 
650 |a Indígenas de México 
650 |a Otomí -  |x Tema Principal 
650 |a Lenguas Indígenas 
650 |a Prácticas Culturales 
650 |a Identidad Cultural 
650 |a Relaciones Interreligiosas 
650 |a Relaciones Interculturales 
650 |a Sociolingüística 
650 |a Lingüística 
650 |a Antropología Cultural 
650 |a Valle del Mezquital, Hidalgo -  |x Condiciones Sociales y Culturales 
650 |a Hidalgo -  |x Condiciones Sociales y Culturales 
650 |a México -  |x Condiciones Sociales y Culturales 
650 |a Valle del Mezquital, Hidalgo -  |x Historia 
650 |a Hidalgo -  |x Historia 
650 |a México -  |x Historia 
700 |a Ramos, María Teresa  |e (autor) 
700 |a Téllez, F. Javier  |e (autor) 
910 |a Fondo Alfonso de Alba Martín 
920 |a Impresos - Libros 
930 |a Libros Antiguos y Raros 
905 |a 125 
901 |a 0500349901  |b IT2  |c LRA  |i D97394  |u 20250526 
902 |a https://opac.biblio.iteso.mx/vufind/Record/000432577